Corrosion inhibitors /
Guardado en:
| Autor Corporativo: | |
|---|---|
| Otros Autores: | , |
| Formato: | Libro |
| Idioma: | English |
| Publicado: |
Houston, Tex. :
National Association of Corrosion Engineers (NACE),
c1973.
|
| Materias: | |
| Etiquetas: |
Agregar Etiqueta
Sin Etiquetas, Sea el primero en etiquetar este registro!
|
| LEADER | 00937cam a22002295a 4500 | ||
|---|---|---|---|
| 001 | EIQ.libpla001125 | ||
| 008 | 740313s1973####txuao####b####001#0#eng#d | ||
| 005 | 20060807183303.0 | ||
| 245 | 0 | 0 | |a Corrosion inhibitors / |c edited by C. C. Nathan. |
| 260 | |a Houston, Tex. : |b National Association of Corrosion Engineers (NACE), |c c1973. | ||
| 300 | |a 260, 19 p. : |b il., fotos ; |c 29 cm. | ||
| 500 | |a Sucesor de "Corrosion inhibitors", por J. I. Bregman, publicado en 1963. | ||
| 504 | |a Incluye referencias bibliográficas e índice. | ||
| 700 | 1 | |a Nathan, C. C., |e ed. |4 edt | |
| 710 | 2 | |a National Association of Corrosion Engineers (NACE). | |
| 700 | 1 | 2 | |a Bregman, Jacob I. |t Corrosion inhibitors. |
| 082 | 0 | 0 | |a 620.1/1223 |
| 650 | 4 | |a Corrosión y anti-corrosivos |x Inhibidores. | |
| 650 | 4 | |a Corrosion and anti-corrosives |x Inhibitors. | |
| 010 | |a 73085564 | ||
| 040 | |a DLC |c DLC |d AR-BbSID | ||
| 859 | |a AR-BbSID |b BIB. PLAPIQUI |h 620.112 23 |i C 668 |p 3021 | ||
